Intentalo de nuevo. / (Record no. 52327)
[ view plain ]
| 000 -CABECERA | |
|---|---|
| campo de control de longitud fija | 00751nam a2200229 a 4500 |
| 003 - IDENTIFICADOR DEL NÚMERO DE CONTROL | |
| campo de control | DO-SdBNP |
| 005 - FECHA Y HORA DE LA ÚLTIMA TRANSACCIÓN | |
| campo de control | 20220826095526.0 |
| 007 - CAMPO FIJO DE DESCRIPCIÓN FÍSICA--INFORMACIÓN GENERAL | |
| campo de control de longitud fija | ta |
| 008 - DATOS DE LONGITUD FIJA--INFORMACIÓN GENERAL | |
| campo de control de longitud fija | 220825e2021 dr ||||er|||| 001 0dspa d |
| 020 ## - NÚMERO INTERNACIONAL ESTÁNDAR DEL LIBRO | |
| Número Internacional Estándar del Libro | 9789945098051 |
| 040 ## - FUENTE DE LA CATALOGACIÓN | |
| Centro catalogador/agencia de origen | DO-SdBNP |
| Lengua de catalogación | spa |
| Centro/agencia transcriptor | BNPHU |
| 082 #4 - NÚMERO DE LA CLASIFICACIÓN DECIMAL DEWEY | |
| Número de edición | 22 |
| Número de documento/Ítem | C298i |
| 245 ## - MENCIÓN DE TÍTULO | |
| Título | Intentalo de nuevo. / |
| Mención de responsabilidad, etc. | Maikel Carpiadosa |
| 260 ## - PUBLICACIÓN, DISTRIBUCIÓN, ETC. | |
| Lugar de publicación, distribución, etc. | San Pedro de Macorís, República Dominicana : |
| Nombre del editor, distribuidor, etc. | okyanusmediagroup, |
| Fecha de publicación, distribución, etc. | 20 |
| 300 ## - DESCRIPCIÓN FÍSICA | |
| Extensión | 89 p. |
| Dimensiones | 22 cm. |
| 500 ## - NOTA GENERAL | |
| Nota general | Incluye datos biográficos del autor en la contracubierta. |
| 590 ## - NOTA LOCAL (RLIN) | |
| Nota local | Inventariado 2022/ MF |
| 650 #4 - PUNTO DE ACCESO ADICIONAL DE MATERIA--TÉRMINO DE MATERIA | |
| 9 (RLIN) | 8328 |
| Término de materia o nombre geográfico como elemento de entrada | Vida Cristiana |
| Subdivisión general | Enseñanza Bíblica |
| Subdivisión geográfica | República Dominicana |
| 650 #4 - PUNTO DE ACCESO ADICIONAL DE MATERIA--TÉRMINO DE MATERIA | |
| 9 (RLIN) | 13110 |
| Término de materia o nombre geográfico como elemento de entrada | Autoayuda y Superación |
| Subdivisión general | Enseñanza Bíblica |
| 910 ## - DATOS DE OPCIÓN DEL USUARIO (OCLC) | |
| Datos de opción del usuario | MFeliz |
| 942 ## - ELEMENTOS DE PUNTO DE ACCESO ADICIONAL (KOHA) | |
| Fuente del sistema de clasificación o colocación | Dewey Decimal Classification |
| Tipo de ítem Koha | Libro |
| Estado de retiro | Estado de pérdida | Fuente del sistema de clasificación o colocación | Restricciones de uso | No para préstamo | Código de colección | Localización permanente | Ubicación/localización actual | Ubicación en estantería | Fecha de adquisición | Fuente de adquisición | Total de préstamos | Signatura topográfica completa | Código de barras | Fecha visto por última vez | Precio válido a partir de | Tipo de ítem Koha | Número de copia |
|---|---|---|---|---|---|---|---|---|---|---|---|---|---|---|---|---|---|
| Dewey Decimal Classification | Excluido de préstamo | Patrimonio Dominicano | Biblioteca Nacional Pedro Henríquez Ureña | Biblioteca Nacional Pedro Henríquez Ureña | En catalogación | 05.05.2022 | Depósito Legal / Editora Centenario | C298i | 2022-3810 | 25.08.2022 | 25.08.2022 | Libro | |||||
| Dewey Decimal Classification | Excluido de préstamo | Patrimonio Dominicano | Biblioteca Nacional Pedro Henríquez Ureña | Biblioteca Nacional Pedro Henríquez Ureña | En catalogación | 05.05.2022 | Depósito Legal / Editora Centenario | C298i | 2022-3811 | 25.08.2022 | 25.08.2022 | Libro | e.2 | ||||
| Dewey Decimal Classification | Préstamo en sala | Dominicana de Servicio | Biblioteca Nacional Pedro Henríquez Ureña | Biblioteca Nacional Pedro Henríquez Ureña | En catalogación | 05.05.2022 | Depósito Legal / Editora Centenario | C298i | 2022-3812 | 25.08.2022 | 25.08.2022 | Libro | e.3 |
